000 01087nam0a2200301 4500
001 RU\NLR\bibl\1715025
005 20260408194349.0
021 _aRU
_b2010-91767
_96173
035 _a(NLR Aleph) 001706039
090 _a1250473
_c1250473
100 _a20101216d2010 k y0rusy50 ca
101 0 _arus
102 _aRU
105 _aa |||||||||
200 1 _aМетодики оценки уровня притязаний личности
_fЮ.В. Синягин
_gРос. акад. гос. службы при Президенте Рос. Федерации
210 _aМосква
_cИзд-во РАГС
_d2010
215 _a46, [1] с.
_cил.
_d21
320 _aБиблиогр.: с. 38 (14 назв.)
606 _aУровень притязаний (психол.)
_92271870
_3RU\NLR\auth\661361642
686 _aЮ937.235
700 1 _aСинягин
_bЮ. В.
_gЮрий Викторович
_4070
801 0 _aRU
_bNLR
_c20101216
_gRCR
801 1 _aRU
_bNLR
_c20101216
830 _aавт. по кн.
942 _cBOOK
980 _aNB